Estudio a nivel de pre factibilidad, planta de tratamiento de plátano en el Municipio de Altagracia Isla de Ometepe, Departamento de Rivas
Presenta el estudio a nivel de pre factibilidad, planta de tratamiento de plátano en el Municipio de Altagracia Isla de Ometepe Departamento de Rivas, mediante la elaboración de un estudio de mercado que vinculó a clientes, consumidores y público en general, para identificar y definir las oportu...
| Main Author: | |
|---|---|
| Other Authors: | |
| Format: | Tesis Section = Libro |
| Language: | Undetermined Spanish |
| Published: |
Managua
UNI
2010
|
| Subjects: |
| LEADER | 01763nam a2200265Ia 4500 | ||
|---|---|---|---|
| 008 | 240830s9999 xx 000 0 und d | ||
| 040 | |a BIBLIOTECA-RUPAP T.Mon 634.773 G958 | ||
| 041 | |a spa | ||
| 082 | |a T.Mon 634.773 G958 | ||
| 100 | 1 | |a Guillen Silva, Carlos Antonio | |
| 245 | 1 | 0 | |a Estudio a nivel de pre factibilidad, planta de tratamiento de plátano en el Municipio de Altagracia Isla de Ometepe, Departamento de Rivas |
| 260 | |a Managua |b UNI |c 2010 | ||
| 300 | |a 90 p. :il. | ||
| 500 | |a Contiene: anexos. | ||
| 502 | |a Tesis (Ingeniero Civil)- UNI, 2010. | ||
| 520 | 3 | |a Presenta el estudio a nivel de pre factibilidad, planta de tratamiento de plátano en el Municipio de Altagracia Isla de Ometepe Departamento de Rivas, mediante la elaboración de un estudio de mercado que vinculó a clientes, consumidores y público en general, para identificar y definir las oportunidades y problemas de mercado, se detallan las características del producto así como las normas de calidad especificadas, también se realizó una análisis de la demanda y oferta así como un pronóstico de mercado, análisis de precio y la comercialización del producto, un estudio técnico que permita obtener la el tamaño óptimo, localización, ingeniería de proyecto y estudio de proceso del proyecto y finalmente un estudio financiero para el obtener el monto de la inversión, el presupuesto de costos, ingresos los datos para su evaluación. | |
| 650 | 7 | |a PLATANOS CULTIVOS TROPICALES - NICARAGUA | |
| 650 | 7 | |b PLATANOS - COMERCIO | |
| 650 | 7 | |c ESTUDIO DE MERCADO | |
| 650 | 7 | |e ESTUDIO TECNICO | |
| 650 | 7 | |f ESTUDIO FINANCIERO DEL PROYECTO | |
| 700 | 1 | |a Tutor: |b Acevedo Ampie, Guillermo José | |
| 942 | |c BK |2 ddc | ||
| 991 | |a TESIS | ||
| 999 | |c 18472 | ||